000 01738nam a2200529 i 4500
001 53547
003 KOSZ 005
005 20220615085102.0
008 000524s2000 pl |000 0 pol
015 _aUWD 2000/9756
020 _a8391192040
035 _a991013977909705066
035 _a(PL-WaBN)b13758718-48omnis_nlop
035 _ab13758718
035 _a(OCoLC)830266433
035 _azz2005851550
035 _a(PL)b0000001375871
035 _a(EXLNZ-48OMNIS_NETWORK)9910335230705606
040 _aWA N
_cWA N
_dKOSZ 005/HR
041 1 _apol
_heng
080 _a005.95/.96
080 _a658.114-022.5
080 _a331.1
080 _a(07)
100 1 _aRossiter, Jill
_eAutor
245 1 0 _aZarządzanie zasobami ludzkimi w małym przedsiębiorstwie /
_cJill A. Rossiter ; przeł. Damian Sobień.
246 1 _iTyt. oryg.:
_aHuman resources,
_f1996
260 _aWarszawa :
_b"Firma 2000",
_c2000.
300 _a372 s. ;
_c28 cm.
336 _aTekst
_btxt
_2rdacontent
337 _aBez urządzenia pośredniczącego
_bn
_2rdamedia
338 _aWolumin
_bnc
_2rdacarrier
380 _aKsiążki
388 _a1901-2000
388 _a1989-2000
500 _aNa s. tyt. i w cop. poprzednia nazwa wydawcy: ACDI.
650 7 _aKadry
_2DBN
650 7 _aZarządzanie zasobami ludzkimi (HRM)
650 7 _aPrzedsiębiorstwa małe i średnie (MŚP)
_2DBN
650 7 _aZatrudnienie
655 7 _aPodręcznik
_2DBN
658 _aZarządzanie i marketing
700 1 _aSobień, Damian
_eTłumaczenie
856 _uhttp://koha.tu.koszalin.pl/cgi-bin/koha/opac-detail.pl?biblionumber=53547
_yKatalog online BPK
942 _2UKD
_cKS
999 _c53547
_d53547